| 000 | 00369nam a22001457a 4500 | ||
|---|---|---|---|
| 020 | _a1859416055 | ||
| 082 |
_a346.066 _bBOU |
||
| 100 | _aBourne, Nicholas | ||
| 245 |
_aEssential Company Law / _cNicholas Bourne |
||
| 250 | _a3rd Edition. | ||
| 260 |
_aLondon: _bCavendish Publishing Limited, _c2000. |
||
| 300 | _a123 p. | ||
| 563 | _aPB. | ||
| 942 |
_2ddc _cBK |
||
| 999 |
_c613813 _d613813 |
||